00549nam a2200169Ia 4500008004100000040001600041041001200057082001700069100002200086245004400108250001200152260003400164300001600198942000700214952014100221999001700362230917s9999||||xx |||||||||||||| ||und|| e81750aMAIN aEnglish a372.13 H769H aHoover, Kenneth H 0aHandbook for elementary school teachers a2nd ed. aBostonbAllyn and Baconc1978 axiv, 257 p. cBK 0010406372_130000000000000_H769H70968216aMAINbMAINcEDUCd2003-03-14l0o372.13 H769Hp102135r2023-09-17 20:40:01w2023-09-17yBK c36678d36678